000 00795nam a2200229 i 4500
001 32722
003 ES-MaACL
005 20250701121519.0
007 t|
008 030131s1910 sp ||||1| spa d
080 _a811.134.2'36
100 1 _aBenot, Eduardo.
_927763
245 1 0 _aArte de hablar
_b: gramática filosófica de la lengua castellana /
_cpor Eduardo Benot.
260 _aMadrid :
_bSucesores de Hernando,
_c1910.
300 _aXXXIV, 423 p., 1 lám. ;
_c23 cm.
530 _aDisponible en formato digital.
650 4 _aLengua española-
_xGramática.
_914161
852 _aES-MaACL
_jB-3494
_cSPB
_zRevisado enlace: 1 de junio 2025
856 4 _uhttp://bdh-rd.bne.es/viewer.vm?id=0000092409&page=1
_yBiblioteca Digital Hispánica
942 _2udc
999 _c32722
_d32722